000 00599nam a2200205 a 4500
999 _c2620
_d2620
001 2620
003 BD-JhCC
005 20171114123911.0
008 171105s1974 bg |||| |||| 000 0 ben d
035 _a(BD-JhCC)2620
040 _aBD-JhCC
_dBD-JhCC
041 _aben
082 _a891.4435
_bHAL 1974
245 _aস্বপ্ন ও সত্য /
_cগোপাল হালদার
260 _aঢাকা :
_bমুক্তধারা,
_c১৯৭৪.
300 _a১৬৩ পৃ. :
_c২১ সেমি.
650 _aBengali short stories
942 _2ddc
_cBK